00784 2200301 4500001002100000005001500021035002000036007000300056008004100059040001700100100001600117245005200133250001000185300003900195020001800234041000800252082001000260084001600270090002200286260003000308850001000338500002900348650001500377504002900392990001900421990002100440990002100461INLIS00000000000408720260528103153 a0010-0921000172ta260528 0  aSBPUPADbInd0 aSony Devano1 aPerpajakan Konsep, Teori dan Isu /cSony Devano aCet.1 avi, 70 hlm. :bilus. ;c23 x 18 cm a979-3925-71-x aInd a336.2 a336.2 SON p a338.04 AKB r 10-3 aJakarta :bKencana,c2006 aPUPAD aBiografi Penulis,hlm 235 4aPerpajakan aBibliografi, hlm 321-234 a6427/ARPUS-PDG a6425/ARPUS-PDG-7 a6426/ARPUS-PDG-7